Devinez le Pays Mystère #17 - Statistiques

Statistiques générales
  • Ce quiz a été pris 1 113 fois
  • Le résultat moyen est 6 sur 11
Statistiques - réponses
Type de Réponse Réponse % Correct
Lettre Trouvée A
96%
Lettre Bien Placée A
91%
Lettre Trouvée R
82%
Lettre Trouvée T
60%
Lettre Bien Placée A
59%
Lettre Trouvée A
55%
Lettre Bien Placée R
40%
Lettre Bien Placée Q
34%
Lettre Trouvée Q
34%
Pays Mystère Qatar
34%
Lettre Bien Placée T
34%
Aucun quiz correspondant
Distribution des résultats
% des personnes avec chaque résultat
Percentile par nombre de réponses
Votre historique - résultats
Vous n’avez pas pris ce quiz